Loading...
| Current Events | 2 | 15.00 | 100% | 50% | 0% |
| Fine Arts - Auditory Fine Arts | 6 | 15.00 | 100% | 50% | 0% |
| Fine Arts - Other Fine Arts | 7 | 15.71 | 86% | 57% | 14% |
| Fine Arts - Visual Fine Arts | 6 | 15.00 | 83% | 50% | 17% |
| History - American History | 7 | 12.86 | 100% | 29% | 0% |
| History - European History | 5 | 12.00 | 80% | 20% | 20% |
| History - Other History | 6 | 16.67 | 100% | 50% | 17% |
| History - World History | 5 | 18.00 | 100% | 60% | 20% |
| Literature - American Literature | 3 | 10.00 | 100% | 0% | 0% |
| Literature - British Literature | 5 | 12.00 | 100% | 20% | 0% |
| Literature - European Literature | 4 | 17.50 | 100% | 50% | 25% |
| Literature - World Literature | 3 | 13.33 | 100% | 33% | 0% |
| Mythology | 5 | 14.00 | 100% | 40% | 0% |
| Other Academic | 1 | 10.00 | 100% | 0% | 0% |
| Philosophy | 4 | 22.50 | 100% | 100% | 25% |
| Pop Culture | 2 | 10.00 | 100% | 0% | 0% |
| Popular Culture | 1 | 20.00 | 100% | 0% | 100% |
| Religion | 7 | 11.43 | 86% | 29% | 0% |
| Science - Biology | 7 | 8.57 | 86% | 0% | 0% |
| Science - Chemistry | 9 | 16.67 | 100% | 56% | 11% |
| Science - Other Science | 8 | 16.25 | 88% | 63% | 13% |
| Science - Physics | 5 | 14.00 | 100% | 40% | 0% |
| Social Science | 3 | 10.00 | 100% | 0% | 0% |